| 000 | 00899nam a22002177a 4500 | ||
|---|---|---|---|
| 003 | NALT | ||
| 005 | 20220810161752.0 | ||
| 008 | 220316b th ||||| |||| 00| 0 tha d | ||
| 020 | _a9747967561 | ||
| 040 | _aNALT | ||
| 050 |
_aHD 69 _bส876บ 2540 |
||
| 100 | 0 |
_aสุวัฒน์ พัฒนไพบูลย์ _958738 |
|
| 245 | 1 | 0 |
_aบริหารโครงการ / _cสุวัฒน์ พัฒนไพบูลย์. |
| 246 | 1 | 4 | _aProject management. |
| 260 | 3 |
_aกรุงเทพฯ : _bซีเอ็ดยูเคชั่น, _c2540. |
|
| 300 |
_a484 หน้า : _bภาพประกอบ, แผนภูมิ, ตาราง ; _c24 ซม. |
||
| 650 | 4 |
_aการบริหารโครงการ _912824 |
|
| 850 | _aNALT | ||
| 942 |
_cGB _2lcc |
||
| 998 |
_akornsiririn _j7560 _k กรศิริรินทร์ รัตนสุภา |
||
| 999 |
_c99780 _d99780 |
||